Why am I a reptile? / (Record no. 18696)
[ view plain ]
| 000 -LEADER | |
|---|---|
| fixed length control field | 00548cam a22002054a 4500 |
| 020 ## - INTERNATIONAL STANDARD BOOK NUMBER | |
| ISBN | 1410920178 |
| 020 ## - INTERNATIONAL STANDARD BOOK NUMBER | |
| ISBN | 9781410920171 |
| 020 ## - INTERNATIONAL STANDARD BOOK NUMBER | |
| ISBN | 1410920240 |
| 020 ## - INTERNATIONAL STANDARD BOOK NUMBER | |
| ISBN | 9781410920249 |
| 040 ## - CATALOGING SOURCE | |
| Transcribing agency | DLC |
| 082 00 - DEWEY DECIMAL CLASSIFICATION NUMBER | |
| Classification number | 597 RAI 2006 C151 Or. |
| 100 1# - MAIN ENTRY--AUTHOR NAME | |
| Personal name | Pyers, Greg. |
| 245 10 - TITLE STATEMENT | |
| Title | Why am I a reptile? / |
| 260 ## - PUBLICATION, DISTRIBUTION, ETC. (IMPRINT) | |
| Place of publication | Chicago, Ill. : |
| Name of publisher | Raintree, |
| Year of publication | c2006. |
| 300 ## - PHYSICAL DESCRIPTION | |
| Number of Pages | 32 p. : |
| Other physical details | col. ill. ; |
| Dimensions | 27 cm. |
| 490 1# - SERIES STATEMENT | |
| Series statement | Classifying animals |
| 650 #0 - SUBJECT ADDED ENTRY--TOPICAL TERM | |
| Topical Term | Reptiles |
| 856 41 - ELECTRONIC LOCATION AND ACCESS | |
| Uniform Resource Identifier | http://www.loc.gov/catdir/toc/ecip0511/2005012258.html |
| 942 ## - ADDED ENTRY ELEMENTS (KOHA) | |
| Koha item type | ADB |
| 952 ## - LOCATION AND ITEM INFORMATION (KOHA) | |
| Withdrawn status [LOCAL, KOHA] | 0 |
| Source of acquisition | Permanent Location | Date acquired | Koha item type | Lost status | Shelving location | Current Location | Full call number |
|---|---|---|---|---|---|---|---|
| A39476 | Library Block C | 2020-01-13 | សៀវភៅភាសាអង់គ្លេស | C151 | Library Block C | 597 RAI 2006 C151 Or. |